000 00344nam a22001217a 4500
999 _c24751
_d24751
003 Nust
005 20170406161956.0
008 150325b xxu||||| |||| 00| 0 eng d
020 _a9788126534067
_cAvailable
040 _aDLC
_bDLC
_cRCMS
050 _a519.GRO
082 _24th, ed.
_a519.4 GRO
100 _gvii-xiii 1-500
_aDonald Gross
245 _aFundamentals of Queueing Theory
_hEnglish
250 _a4th, ed.
260 _aNew Delhi
_bJohn Wiley & Sons, Inc.
_cc2008.
300 _axiii, 500 p. :
_bill, ;
_c24 cm.
538 _iShelf # 12, Row # 3, System Engineering.
650 _aFundamentals of Queueing Theory
856 _3Table of Contents Only.
942 _2ddc
_cBK
_k519.4 GRO